[Event "Lazy PERLA BALTYKU"]
[Site "Lazy "]
[Date "2016.06.26"]
[Round "1.1"]
[White "Stupak, Kirill"]
[Black "Nowak, Mikolaj"]
[Result "1-0"]
[WhiteElo "2555"]
[BlackElo "2091"]
[PlyCount "51"]
[EventDate "2016.??.??"]

1. d4 Nf6 2. c4 d6 3. g3 e5 4. Bg2 c6 5. Nc3 Nbd7 6. Nf3 Be7 7. O-O Qc7 8. e4
O-O 9. h3 Rb8 10. Be3 a6 11. c5 Rd8 12. Qc2 exd4 13. cxd6 Bxd6 14. Nxd4 Nf8 15.
Rad1 Be6 16. f4 Nh5 17. Qf2 Bc4 18. Rfe1 Bb4 19. Rc1 Be6 20. a3 Be7 21. e5 g6
22. Nxe6 Nxe6 23. Nd5 Qd7 24. Nxe7+ Qxe7 25. g4 Nhg7 26. f5 1-0

[Event "Lazy PERLA BALTYKU"]
[Site "Lazy "]
[Date "2016.06.26"]
[Round "1.2"]
[White "Mazalon, Mariusz"]
[Black "Shishkin, Vadim"]
[Result "0-1"]
[WhiteElo "2083"]
[BlackElo "2459"]
[PlyCount "62"]
[EventDate "2016.??.??"]

1. e4 c5 2. Nf3 Nc6 3. Bb5 g6 4. Bxc6 bxc6 5. Nc3 Bg7 6. O-O f6 7. d4 cxd4 8.
Qxd4 Nh6 9. Bxh6 Bxh6 10. e5 Bg7 11. Qe3 O-O 12. Rfe1 Qb6 13. Qxb6 axb6 14.
Rad1 b5 15. a3 Ra7 16. exf6 Bxf6 17. Ne5 Rc7 18. h3 d6 19. Ng4 Bxc3 20. bxc3
Bxg4 21. hxg4 Ra8 22. Re3 Rxa3 23. Rde1 Kf8 24. Rf3+ Ke8 25. Rh3 e5 26. Rd3 Rd7
27. f4 Kd8 28. fxe5 dxe5 29. c4 Rdxd3 30. cxd3 b4 31. Rxe5 b3 0-1

[Event "Lazy PERLA BALTYKU"]
[Site "Lazy "]
[Date "2016.06.26"]
[Round "1.3"]
[White "Jarmula, Lukasz"]
[Black "Antolak, Julia"]
[Result "1-0"]
[WhiteElo "2447"]
[BlackElo "2073"]
[PlyCount "43"]
[EventDate "2016.??.??"]

1. e4 c5 2. Nf3 Nc6 3. Bb5 e5 4. O-O Bd6 5. d3 Nge7 6. a4 O-O 7. Bc4 Bc7 8. Nc3
h6 9. Nh4 d6 10. Qh5 Be6 11. Bxh6 gxh6 12. Qxh6 Bxc4 13. dxc4 f6 14. Nd5 Kf7
15. f4 Ke6 16. fxe5 Nxe5 17. Nxf6 N7g6 18. Nxg6 Rxf6 19. Qh3+ Kf7 20. Nxe5+
dxe5 21. Qh7+ Ke6 22. Rxf6+ 1-0

[Event "Lazy PERLA BALTYKU"]
[Site "Lazy "]
[Date "2016.06.26"]
[Round "1.4"]
[White "Dmochowska, Agnieszka"]
[Black "Bilguun, Sumiya"]
[Result "1/2-1/2"]
[WhiteElo "2059"]
[BlackElo "2395"]
[PlyCount "106"]
[EventDate "2016.??.??"]

1. e4 c5 2. c3 d5 3. exd5 Qxd5 4. d4 Nf6 5. Nf3 Nc6 6. Be3 cxd4 7. cxd4 e6 8.
Nc3 Qd6 9. Bd3 Be7 10. O-O O-O 11. a3 a6 12. h3 Bd7 13. Qe2 Rfd8 14. Rad1 Rac8
15. Rfe1 Qb8 16. Bb1 Na5 17. Ne5 Be8 18. Bf4 Qa7 19. d5 Rxc3 20. bxc3 Nxd5 21.
Qe4 Nf6 22. Rxd8 Bxd8 23. Qd3 Qb6 24. Ng4 g6 25. Be3 Qc7 26. Bg5 Nxg4 27. Qxd8
Qxd8 28. Bxd8 Nc6 29. Rd1 Nge5 30. Bf6 Nd7 31. Bh4 Kg7 32. Be4 Nc5 33. f3 Na4
34. Bf2 Kf8 35. c4 Na5 36. Rd8 Ke7 37. Bh4+ f6 38. Bxf6+ Kxf6 39. Rxe8 Nc5 40.
Rc8 b6 41. Kf2 Nxc4 42. a4 Nd6 43. Rb8 Ndxe4+ 44. fxe4 Nxa4 45. Ke3 Ke5 46. Rb7
h5 47. h4 b5 48. Rg7 Kf6 49. Ra7 Nc5 50. Kd4 Nb3+ 51. Kc3 Nc5 52. Kd4 Nb3+ 53.
Kc3 Nc5 1/2-1/2

[Event "Lazy PERLA BALTYKU"]
[Site "Lazy "]
[Date "2016.06.26"]
[Round "1.5"]
[White "Kocheev, Aleksandr"]
[Black "Sliwicka, Alicja"]
[Result "1-0"]
[WhiteElo "2345"]
[BlackElo "2041"]
[PlyCount "61"]
[EventDate "2016.??.??"]

1. e4 c5 2. Nf3 d6 3. Bb5+ Bd7 4. Bxd7+ Qxd7 5. c4 e5 6. Nc3 g6 7. d3 Bg7 8.
O-O Nc6 9. Nd5 Nge7 10. Bg5 Nxd5 11. cxd5 Nd4 12. Nxd4 cxd4 13. Rc1 O-O 14. Qb3
Rac8 15. Bd2 Rxc1 16. Rxc1 Rc8 17. Rc4 f5 18. f3 a6 19. h3 b5 20. Rc6 Qd8 21.
Bg5 Qe8 22. Qc2 Ra8 23. Rxd6 h6 24. Bd2 g5 25. Re6 Qf7 26. Rxa6 Rxa6 27. Qc8+
Qf8 28. Qxa6 fxe4 29. fxe4 Kh8 30. d6 g4 31. d7 1-0

[Event "Lazy PERLA BALTYKU"]
[Site "Lazy "]
[Date "2016.06.26"]
[Round "1.6"]
[White "Wacior, Maciej"]
[Black "Kaczmarek, Aleksander"]
[Result "1/2-1/2"]
[WhiteElo "2037"]
[BlackElo "2325"]
[PlyCount "70"]
[EventDate "2016.??.??"]

1. Nf3 g6 2. d4 Bg7 3. Bf4 c5 4. e3 cxd4 5. exd4 Nf6 6. c3 d6 7. Bc4 O-O 8. O-O
Bf5 9. a4 Nbd7 10. Nh4 Be4 11. Nd2 Bc6 12. Nhf3 Qc7 13. Re1 Rae8 14. Ng5 e6 15.
Bxe6 fxe6 16. Nxe6 Rxe6 17. Rxe6 Qa5 18. Re1 Ne4 19. Nxe4 Rxf4 20. Qb3+ Bd5 21.
Qc2 Qc7 22. Re2 Nf6 23. Nxf6+ Bxf6 24. Re8+ Kg7 25. Qd2 Rg4 26. g3 Qc6 27. Rae1
Re4 28. R8xe4 Bxe4 29. Qe2 Bh1 30. f4 Bd5 31. Qb5 a5 32. Qxc6 Bxc6 33. b3 Kf7
34. Kf2 Bd5 35. Rb1 Be4 1/2-1/2

[Event "Lazy PERLA BALTYKU"]
[Site "Lazy "]
[Date "2016.06.26"]
[Round "1.7"]
[White "Lewtak, Damian"]
[Black "Buraczewski, Rafal"]
[Result "1-0"]
[WhiteElo "2323"]
[BlackElo "2032"]
[PlyCount "45"]
[EventDate "2016.??.??"]

1. c4 c6 2. e4 d5 3. exd5 cxd5 4. cxd5 Qxd5 5. Nc3 Qa5 6. Nf3 Nf6 7. Bc4 e6 8.
O-O a6 9. d4 Nbd7 10. Qe2 Nb6 11. Bb3 Qh5 12. Re1 Be7 13. Qd1 O-O 14. Re5 Rd8
15. Rxh5 Nxh5 16. Ne4 Nf6 17. Nxf6+ Bxf6 18. Bg5 Bxg5 19. Nxg5 h6 20. Nf3 Bd7
21. Ne5 Be8 22. Qf3 Nd5 23. Rc1 1-0

[Event "Lazy PERLA BALTYKU"]
[Site "Lazy "]
[Date "2016.06.26"]
[Round "1.8"]
[White "Nowak, Maciej"]
[Black "Nowak, Kamil"]
[Result "1/2-1/2"]
[WhiteElo "2007"]
[BlackElo "2313"]
[PlyCount "57"]
[EventDate "2016.??.??"]

1. d4 Nf6 2. c4 e6 3. Nf3 d5 4. cxd5 exd5 5. Bg5 Be7 6. e3 O-O 7. Qc2 Nbd7 8.
Bd3 Re8 9. O-O Nf8 10. Nc3 Ng6 11. a3 c6 12. b4 a6 13. Rab1 Ne4 14. Bxe7 Qxe7
15. a4 Bf5 16. b5 axb5 17. axb5 Ra3 18. Bxe4 dxe4 19. Nd2 cxb5 20. Qb2 Rea8 21.
Rfc1 Nh4 22. Nf1 Bd7 23. Ng3 f5 24. Nxb5 Ra2 25. Qb3+ Be6 26. d5 Bf7 27. Rc7
Qe5 28. Rd7 h6 29. Qc3 1/2-1/2

[Event "Lazy PERLA BALTYKU"]
[Site "Lazy "]
[Date "2016.06.26"]
[Round "1.9"]
[White "Marczuk, Dominik"]
[Black "Sciborowski, Miroslaw"]
[Result "1/2-1/2"]
[WhiteElo "2298"]
[BlackElo "2003"]
[PlyCount "45"]
[EventDate "2016.??.??"]

1. e4 d5 2. exd5 Qxd5 3. Nc3 Qa5 4. d4 Nf6 5. Bc4 Bf5 6. Bd2 Qb6 7. Nf3 c6 8.
Bb3 e6 9. Qe2 Be7 10. O-O-O Nbd7 11. Rhe1 O-O 12. h3 Bb4 13. g4 Bxc3 14. Bxc3
Be4 15. g5 Bxf3 16. Qxf3 Nd5 17. Bd2 a5 18. a3 Qa6 19. Re4 Ne7 20. h4 c5 21. h5
c4 22. Ba2 b5 23. Qe2 1/2-1/2

[Event "Lazy PERLA BALTYKU"]
[Site "Lazy "]
[Date "2016.06.26"]
[Round "1.10"]
[White "Lebiedowicz, Borys"]
[Black "Swicarz, Maciej"]
[Result "0-1"]
[WhiteElo "2002"]
[BlackElo "2292"]
[PlyCount "94"]
[EventDate "2016.??.??"]

1. e4 c6 2. d4 d5 3. Nc3 a6 4. a4 dxe4 5. Nxe4 Bf5 6. Ng3 Bg6 7. Nh3 e6 8. Nf4
Bd6 9. Ngh5 Bf8 10. Bc4 Ne7 11. O-O Qa5 12. Bd2 Qf5 13. Bd3 Bxh5 14. Nxh5 Qd5
15. Qg4 Ng6 16. Bh6 Rg8 17. Rfe1 Nd7 18. Bg5 Be7 19. Bxe7 Kxe7 20. c4 Qd6 21.
Qg5+ Kf8 22. Rad1 Re8 23. Bc2 Qc7 24. Re3 Qd8 25. Qg3 Nf6 26. Nf4 Qb8 27. Bxg6
hxg6 28. Re5 Rh8 29. h3 Kg8 30. Nd3 Rd8 31. Nb4 Rh5 32. Rxh5 Qxg3 33. fxg3 gxh5
34. Kf2 Ne4+ 35. Ke3 Nxg3 36. Nc2 Kf8 37. Rd3 Nf5+ 38. Kf4 f6 39. d5 g6 40. Rb3
e5+ 41. Kf3 cxd5 42. Rxb7 dxc4 43. Rb6 Rd6 44. Rxd6 Nxd6 45. Nb4 a5 46. Nc6 Nb7
47. Ke3 Ke8 0-1

[Event "Lazy PERLA BALTYKU"]
[Site "LAZY"]
[Date "2016.06.26"]
[Round "1.11"]
[White "Sliwicki, Damian"]
[Black "Franckowski, Janusz"]
[Result "1-0"]
[WhiteElo "2242"]
[BlackElo "2001"]
[PlyCount "151"]
[EventDate "2016.??.??"]

1. e4 e5 2. Nf3 Nc6 3. Nc3 Nf6 4. g3 Bc5 5. Bg2 d6 6. d3 h6 7. Na4 Be6 8. Nxc5
dxc5 9. b3 Qd6 10. Bb2 Bg4 11. h3 Bxf3 12. Bxf3 Nd4 13. Bg2 O-O-O 14. Qd2 g5
15. O-O-O Nh5 16. Kb1 f6 17. h4 Ng7 18. Bh3+ Kb8 19. Rhf1 gxh4 20. gxh4 Nh5 21.
c3 Nc6 22. Rg1 Nf4 23. Bf1 a6 24. a3 Rhg8 25. Rg3 Qe6 26. b4 cxb4 27. axb4 Qb3
28. Qc2 Qxc2+ 29. Kxc2 h5 30. Bc1 Rg4 31. Rxg4 hxg4 32. d4 Rh8 33. dxe5 fxe5
34. Rd7 Rxh4 35. Rg7 Rh1 36. Be3 b5 37. Bd3 Rh4 38. Kd2 Kb7 39. Bf1 Rh1 40. Be2
Nxe2 41. Kxe2 Rg1 42. Bc5 Kc8 43. Rg6 Kb7 44. Rg5 Rc1 45. Kd2 Rg1 46. Kc2 Rg2
47. Kb3 Kc8 48. Rg7 Rg1 49. f3 Rf1 50. fxg4 Rf4 51. g5 Rxe4 52. g6 a5 53. Rg8+
Kd7 54. Rh8 a4+ 55. Ka3 Rg4 56. Rh7+ Ke8 57. Rh8+ Kd7 58. Rh7+ Ke8 59. g7 Kf7
60. g8=Q+ Kxg8 61. Rxc7 Rg6 62. Rb7 Rg2 63. Rb6 Rg6 64. Rxb5 Kf7 65. Rb6 e4 66.
Kxa4 Ne5 67. Rxg6 Kxg6 68. b5 Nd7 69. Be3 Kf6 70. c4 Ke7 71. c5 Kd8 72. b6 Ne5
73. Kb5 Kd7 74. b7 Nc6 75. Kb6 Nb8 76. Bf4 1-0

[Event "Lazy PERLA BALTYKU"]
[Site "LAZY"]
[Date "2016.06.28"]
[Round "1.12"]
[White "Kicinski, Jacek"]
[Black "Kyc, Jerzy"]
[Result "0-1"]
[WhiteElo "1998"]
[BlackElo "2225"]
[PlyCount "116"]
[EventDate "2016.??.??"]

1. d4 Nf6 2. c4 g6 3. g3 Bg7 4. Bg2 d5 5. cxd5 Nxd5 6. e4 Nb6 7. Ne2 O-O 8.
Nbc3 Nc6 9. d5 Na5 10. O-O c6 11. Bf4 cxd5 12. exd5 Nac4 13. b3 Nd6 14. Rc1 Bd7
15. Nd4 Rc8 16. Re1 Rc5 17. Be3 Rc7 18. Bf4 Qc8 19. Ne4 Rxc1 20. Bxc1 Nxe4 21.
Bxe4 Qc5 22. Nc2 f5 23. Ba3 Qa5 24. Bg2 Rc8 25. Bxe7 Rxc2 26. a4 Qc3 27. d6 Ra2
28. Qc1 Rc2 29. Qd1 Bd4 30. Rf1 Rd2 31. Qe1 Rxf2 32. Qxc3 Rxf1+ 33. Kxf1 Bxc3
34. Bxb7 Be6 35. Bc6 Bb4 36. Ke2 Bxb3 37. a5 Nd5 38. Bd8 Bxd6 39. Kf3 Nb4 40.
Bb5 Bd5+ 41. Kf2 Bc5+ 42. Kf1 Kf7 43. Bc7 Ke7 44. Bf4 Nc6 45. Bd2 Kd6 46. Bf4+
Ke6 47. Bd2 Bb4 48. Be3 Bxa5 49. Bxc6 Bxc6 50. Bxa7 Ke5 51. Kf2 Ke4 52. Kg2 h5
53. Bc5 Bc3 54. Bd6 Ke3+ 55. Kh3 Kf2 56. Bc5+ Kf1 57. Bb6 Bg2+ 58. Kh4 Bf6# 0-1

[Event "Lazy PERLA BALTYKU"]
[Site "LAZY"]
[Date "2016.06.28"]
[Round "1.13"]
[White "Juhnke, Juergen"]
[Black "Wisniewski, Jacek"]
[Result "1-0"]
[WhiteElo "2219"]
[BlackElo "1989"]
[PlyCount "83"]
[EventDate "2016.??.??"]

1. e4 e5 2. Nf3 Nf6 3. d4 Nxe4 4. Bd3 d5 5. dxe5 Be7 6. O-O O-O 7. c4 Bf5 8.
Nc3 Nxc3 9. bxc3 Be6 10. Nd4 Bc8 11. Qh5 g6 12. Qe2 c5 13. Nf3 Be6 14. Rb1 Qc7
15. Ng5 Nc6 16. Re1 Rfe8 17. Nxh7 dxc4 18. Bc2 Qxe5 19. Qxe5 Nxe5 20. Ng5 Bxg5
21. Bxg5 Nd3 22. Re3 b6 23. Ba4 Rec8 24. f3 Rab8 25. Bb5 Kg7 26. Be7 Ra8 27.
Ba6 Re8 28. Bd6 Bd5 29. Rxe8 Rxe8 30. Kf1 Kf6 31. Rd1 Kg5 32. Bg3 f5 33. Bb5
Ra8 34. f4+ Kg4 35. Ba4 Be4 36. Rd2 Nxf4 37. Bd1+ Kg5 38. h4+ Kf6 39. Bxf4 Bd3+
40. Be2 Bxe2+ 41. Kxe2 Re8+ 42. Kf2 1-0

[Event "Lazy PERLA BALTYKU"]
[Site "LAZY"]
[Date "2016.06.28"]
[Round "1.14"]
[White "Kozak, Antoni"]
[Black "Budrewicz, Krzysztof"]
[Result "1/2-1/2"]
[WhiteElo "1981"]
[BlackElo "2217"]
[PlyCount "119"]
[EventDate "2016.??.??"]

1. e4 g6 2. d4 Bg7 3. Nc3 c5 4. Be3 Nc6 5. dxc5 Bxc3+ 6. bxc3 Qa5 7. Qd2 Nf6 8.
f3 O-O 9. c4 Qc7 10. Ne2 b6 11. cxb6 axb6 12. Nc3 Ba6 13. Nd5 Nxd5 14. cxd5 Na5
15. Qd4 e5 16. dxe6 dxe6 17. Qf6 Qd8 18. Qxd8 Rfxd8 19. Bxb6 Bxf1 20. Rxf1 Rdc8
21. Bxa5 Rxa5 22. Rf2 Ra3 23. Kd1 Kg7 24. Rd2 Rca8 25. Rd3 R3a4 26. a3 Kf6 27.
Kc1 h5 28. Rb1 Rxa3 29. Rxa3 Rxa3 30. Kd2 h4 31. Rb3 Ra1 32. Re3 Ke5 33. Kd3
Rd1+ 34. Kc3 Rf1 35. Rd3 g5 36. h3 Kf4 37. Kd4 Rf2 38. c4 Rxg2 39. c5 Rc2 40.
Rc3 Rd2+ 41. Kc4 Rd8 42. c6 Kg3 43. c7 Rc8 44. Kb5 f5 45. Kc6 Kxh3 46. f4+ Kg4
47. fxg5 Kxg5 48. e5 Kf4 49. Kd6 h3 50. Rxh3 Rxc7 51. Kxc7 Kxe5 52. Kd7 f4 53.
Rh5+ Ke4 54. Kxe6 f3 55. Re5+ Kd3 56. Kd5 f2 57. Rf5 Ke2 58. Re5+ Kd3 59. Rf5
Ke2 60. Rxf2+ 1/2-1/2

[Event "Lazy PERLA BALTYKU"]
[Site "LAZY"]
[Date "2016.06.28"]
[Round "1.15"]
[White "Karpus, Michal"]
[Black "Konieczynski, Piotr"]
[Result "1-0"]
[WhiteElo "2179"]
[BlackElo "1973"]
[PlyCount "99"]
[EventDate "2016.??.??"]

1. e4 c6 2. d4 d5 3. Nc3 dxe4 4. Nxe4 Bf5 5. Ng3 Bg6 6. h4 h6 7. Nf3 Nd7 8. h5
Bh7 9. Bd3 Bxd3 10. Qxd3 e6 11. Bd2 Qc7 12. O-O-O Ngf6 13. Ne4 O-O-O 14. g3 Nc5
15. Nxc5 Bxc5 16. c4 Bd6 17. Bc3 Qe7 18. a3 c5 19. Qe2 Kb8 20. Kb1 Qc7 21. Rc1
Rc8 22. dxc5 Qxc5 23. Rh4 Rhd8 24. Ka1 Bc7 25. Nd4 Bb6 26. Bb4 Qg5 27. Bd2 Qc5
28. b4 Qe7 29. c5 Bc7 30. Bc3 Nd5 31. Bb2 e5 32. Nf3 f6 33. Rhc4 Qe8 34. Nh4
Ne7 35. R4c2 Qd7 36. Qe4 Qd5 37. Re1 Qxe4 38. Rxe4 Rd7 39. Kb1 Rcd8 40. Rg4 Rg8
41. Bc3 Kc8 42. b5 Kd8 43. Ra4 Bb8 44. Ba5+ Kc8 45. c6 Rd1+ 46. Ka2 b6 47. Bb4
Nd5 48. Nf5 Kd8 49. Bd2 Rxd2 50. Rxd2 1-0

[Event "Lazy PERLA BALTYKU"]
[Site "LAZY"]
[Date "2016.06.28"]
[Round "1.16"]
[White "Korpalski, Maciej"]
[Black "Kubicka, Anna"]
[Result "0-1"]
[WhiteElo "1968"]
[BlackElo "2171"]
[PlyCount "48"]
[EventDate "2016.??.??"]

1. e4 d6 2. d4 Nf6 3. Nc3 Nbd7 4. f4 e5 5. Nf3 exd4 6. Qxd4 c6 7. Be3 d5 8.
exd5 Bc5 9. Qd3 Qe7 10. Nd4 Nb6 11. dxc6 Nbd5 12. cxb7 Qxb7 13. O-O-O O-O 14.
Na4 Rb8 15. b3 Ba3+ 16. Kb1 Nxe3 17. Qxe3 Bd7 18. Nc3 Qb4 19. Nde2 Rfc8 20. h3
a5 21. Qd4 Rc4 22. Qe5 Rbc8 23. Rd3 Re8 24. Qg5 Rxc3 0-1

[Event "Lazy PERLA BALTYKU"]
[Site "LAZY"]
[Date "2016.06.28"]
[Round "1.17"]
[White "Chomczyk, Marek"]
[Black "Jedrocha, Katarzyna"]
[Result "1-0"]
[WhiteElo "2167"]
[BlackElo "1948"]
[PlyCount "95"]
[EventDate "2016.??.??"]

1. d4 Nf6 2. c4 c5 3. d5 e5 4. Nc3 d6 5. e4 g6 6. Bd3 Bg7 7. Nge2 O-O 8. O-O
Nh5 9. a3 a6 10. b4 b6 11. bxc5 bxc5 12. Rb1 Nd7 13. Ng3 Nf4 14. Nge2 Qh4 15.
Nxf4 exf4 16. Ne2 f3 17. Nf4 g5 18. Nh3 fxg2 19. Kxg2 Ne5 20. Ng1 f5 21. f4
Nxd3 22. Qxd3 fxe4 23. Qg3 Qxg3+ 24. hxg3 Bg4 25. fxg5 Rxf1 26. Kxf1 Rf8+ 27.
Bf4 Be5 28. Ne2 Bxe2+ 29. Kxe2 Bxf4 30. gxf4 Rxf4 31. Rb6 Rg4 32. Rxd6 Rxg5 33.
Rxa6 h5 34. Re6 Kf7 35. Rxe4 Rg2+ 36. Kf3 Ra2 37. Kf4 Rxa3 38. Ke5 Ke7 39. Kf5+
Kd7 40. Kg5 Ra6 41. Kxh5 Rb6 42. Kg5 Ra6 43. Kf5 Rb6 44. Rh4 Rb4 45. Ke5 Rb6
46. Rh7+ Kd8 47. d6 Rb2 48. Kd5 1-0

[Event "Lazy PERLA BALTYKU"]
[Site "LAZY"]
[Date "2016.06.28"]
[Round "1.18"]
[White "Szpar, Milosz"]
[Black "Krainski, Slawomir"]
[Result "1/2-1/2"]
[WhiteElo "1943"]
[BlackElo "2146"]
[PlyCount "53"]
[EventDate "2016.??.??"]

1. e4 e5 2. Nf3 Nc6 3. Bb5 Nge7 4. Nc3 g6 5. d4 exd4 6. Nd5 Bg7 7. Bg5 h6 8.
Bf6 Bxf6 9. Nxf6+ Kf8 10. Qd2 d5 11. Bxc6 Nxc6 12. Nxd5 Bf5 13. Qf4 Bxe4 14.
Qxe4 Qd6 15. Nxc7 Qxc7 16. O-O Re8 17. Qd3 Qf4 18. Rad1 Kg7 19. Nxd4 Nxd4 20.
Qxd4+ Qxd4 21. Rxd4 Re2 22. Rd7 Rc8 23. Rxb7 Rcxc2 24. Rxa7 Rxb2 25. a4 Ra2 26.
g3 Re4 27. h4 1/2-1/2

[Event "Lazy PERLA BALTYKU"]
[Site "LAZY"]
[Date "2016.06.28"]
[Round "1.19"]
[White "Krainski, Aleksander"]
[Black "Marczuk, Anna"]
[Result "1-0"]
[WhiteElo "2141"]
[BlackElo "1931"]
[PlyCount "115"]
[EventDate "2016.??.??"]

1. e4 c5 2. Nf3 d6 3. d4 cxd4 4. Nxd4 Nf6 5. Nc3 a6 6. Be2 e5 7. Nb3 Be7 8. O-O
O-O 9. Be3 Be6 10. Qd3 Nbd7 11. Nd5 Bxd5 12. exd5 Rc8 13. c4 a5 14. Rac1 b6 15.
f4 exf4 16. Bxf4 Nc5 17. Qh3 Nxb3 18. axb3 Rc7 19. Bd3 g6 20. Bh6 Re8 21. Qf3
Kh8 22. Be3 Nd7 23. Qxf7 Ne5 24. Bd4 Bg5 25. Qf2 Bxc1 26. Rxc1 Rb7 27. Bc2 Kg8
28. Qg3 Rf7 29. h3 Qc7 30. Re1 Rfe7 31. Re4 Rf8 32. Qe3 Rb8 33. Bd1 Kf8 34.
Qh6+ Kg8 35. Qh4 Rbe8 36. Qf2 Rb8 37. Qe1 Kf8 38. Qd2 Kg8 39. Kh2 Rbe8 40. Qf2
Rb8 41. Qh4 Rbe8 42. Qf2 Rb8 43. Rf4 Ree8 44. Rf6 Re7 45. Qh4 Rbe8 46. Bg4
Nxg4+ 47. hxg4 Rf8 48. g5 Rxf6 49. gxf6 Rf7 50. Qg4 Qd7 51. Qe6 Kf8 52. g4 g5
53. Kg3 h6 54. Kf3 Qd8 55. Ke4 Qd7 56. Kf5 Qe8 57. Qxd6+ Kg8 58. Qe6 1-0

[Event "Lazy PERLA BALTYKU"]
[Site "LAZY"]
[Date "2016.06.28"]
[Round "1.20"]
[White "Frej, Zofia"]
[Black "Smieszek, Wojciech"]
[Result "0-1"]
[WhiteElo "1929"]
[BlackElo "2137"]
[PlyCount "90"]
[EventDate "2016.??.??"]

1. d4 Nf6 2. Nf3 e6 3. c4 c5 4. e3 b6 5. Nc3 Bb7 6. Bd3 d6 7. O-O g6 8. Bc2 Nc6
9. Ba4 Nd7 10. e4 a6 11. d5 Na5 12. dxe6 fxe6 13. Ng5 Qe7 14. Qg4 O-O-O 15.
Nxe6 Re8 16. Nxf8 Rhxf8 17. b3 Kc7 18. Bg5 Qf7 19. Bxd7 Qxd7 20. Qxd7+ Kxd7 21.
f3 Bc6 22. Rfd1 b5 23. cxb5 axb5 24. Nd5 Re5 25. Bf4 Rxd5 26. exd5 Rxf4 27.
dxc6+ Kxc6 28. Kf2 Rb4 29. Rac1 d5 30. Re1 Kd6 31. Re8 Nc6 32. Rh8 Rh4 33. h3
Nb4 34. Rd1 c4 35. Kg3 Rh5 36. bxc4 bxc4 37. a4 c3 38. Rb8 Nc6 39. Rb6 Kc5 40.
Rb3 d4 41. Kf2 Kc4 42. Ra3 Nb4 43. a5 c2 44. Rda1 Nd3+ 45. Kf1 Rb5 0-1

[Event "Lazy PERLA BALTYKU"]
[Site "LAZY"]
[Date "2016.06.28"]
[Round "1.21"]
[White "Kowalski, Igor"]
[Black "Kokoszczynski, Jan"]
[Result "1/2-1/2"]
[WhiteElo "2131"]
[BlackElo "1921"]
[PlyCount "41"]
[EventDate "2016.??.??"]

1. e4 c6 2. d4 d5 3. exd5 cxd5 4. Bd3 Nc6 5. c3 Nf6 6. h3 g6 7. Nf3 Bg7 8. O-O
O-O 9. Bf4 Nh5 10. Bh2 Bh6 11. Re1 Nf4 12. Bxf4 Bxf4 13. Nbd2 f6 14. b4 Re8 15.
Nb3 b6 16. a4 Rb8 17. Ra2 Qc7 18. Rae2 e6 19. Qc2 Kg7 20. Nh4 Bg5 21. Nf3
1/2-1/2

[Event "Lazy PERLA BALTYKU"]
[Site "LAZY"]
[Date "2016.06.28"]
[Round "1.22"]
[White "Dombrowski, Bartosz"]
[Black "Karbowiak, Adam"]
[Result "1/2-1/2"]
[WhiteElo "1913"]
[BlackElo "2128"]
[PlyCount "43"]
[EventDate "2016.??.??"]

1. e4 e6 2. d4 d5 3. Nc3 Bb4 4. e5 Ne7 5. a3 Bxc3+ 6. bxc3 c5 7. a4 Nbc6 8. Nf3
Bd7 9. Bd3 Qa5 10. Qd2 c4 11. Be2 O-O-O 12. Ng5 Rdf8 13. f4 f6 14. Nf3 fxe5 15.
fxe5 g5 16. Nxg5 Rhg8 17. Nxh7 Rf7 18. Nf6 Rxg2 19. Kf1 Rfg7 20. Nh5 Rxe2 21.
Qxe2 Qxc3 22. Nxg7 1/2-1/2

[Event "Lazy PERLA BALTYKU"]
[Site "LAZY"]
[Date "2016.06.28"]
[Round "1.23"]
[White "Zaninotto, Franco"]
[Black "Katafiasz, Tomasz"]
[Result "1-0"]
[WhiteElo "2127"]
[BlackElo "1888"]
[PlyCount "83"]
[EventDate "2016.??.??"]

1. e4 d5 2. exd5 Nf6 3. Nf3 g6 4. Bb5+ Bd7 5. Bc4 Bg7 6. Bb3 a5 7. a4 Na6 8. d4
Nb4 9. c4 Bf5 10. O-O O-O 11. Nc3 c6 12. dxc6 bxc6 13. Na2 Rb8 14. Nxb4 Rxb4
15. Bd2 Rb7 16. Bc3 Ne4 17. Bc2 Nxc3 18. bxc3 Qc8 19. Re1 c5 20. Bxf5 Qxf5 21.
Rb1 Rfb8 22. Rb5 Rxb5 23. cxb5 Rd8 24. Rxe7 cxd4 25. Nxd4 Qc5 26. Qe1 Bxd4 27.
cxd4 Rxd4 28. Re8+ Kg7 29. Qa1 Kh6 30. Re1 Rf4 31. Qa2 Qc3 32. Rb1 Qd3 33. Ra1
Rb4 34. h3 Qd4 35. Qa3 Kg7 36. Qc1 Qf6 37. Rb1 Rxa4 38. b6 Rb4 39. b7 Qb6 40.
Qc3+ f6 41. Rxb4 axb4 42. Qc8 1-0

[Event "Lazy PERLA BALTYKU"]
[Site "LAZY"]
[Date "2016.06.28"]
[Round "1.24"]
[White "Godzwon, Iwo"]
[Black "Kosakowski, Jakub"]
[Result "0-1"]
[WhiteElo "1884"]
[BlackElo "2122"]
[PlyCount "80"]
[EventDate "2016.??.??"]

1. e4 c5 2. Nf3 d6 3. d4 cxd4 4. Nxd4 Nf6 5. Nc3 a6 6. Be3 e5 7. Nb3 Be6 8. f3
Be7 9. Qd2 O-O 10. O-O-O Nbd7 11. g4 b5 12. g5 b4 13. gxf6 bxc3 14. Qxc3 Nxf6
15. Na5 Qd7 16. Nc6 Rfc8 17. Nxe7+ Qxe7 18. Qa5 Qb7 19. Rg1 Nxe4 20. fxe4 Qxe4
21. Rd3 Bf5 22. Kd2 Rxc2+ 23. Kxc2 Qxe3 24. Rg3 Qf2+ 25. Qd2 Qxf1 26. Kb3 Rb8+
27. Ka3 Bxd3 28. Rxd3 h6 29. Rxd6 e4 30. Qe3 Qc4 31. Rd4 Qb5 32. b3 f5 33. Rc4
Qe5 34. Rc5 Qd6 35. b4 Rb5 36. Qb3+ Kh7 37. Rc8 Qd5 38. Qxd5 Rxd5 39. Rc5 Rd3+
40. Ka4 f4 0-1

[Event "Lazy PERLA BALTYKU"]
[Site "LAZY"]
[Date "2016.06.28"]
[Round "1.25"]
[White "Mielczarski, Miroslaw"]
[Black "Szewczak, Andrzej"]
[Result "1-0"]
[WhiteElo "2107"]
[BlackElo "1803"]
[PlyCount "126"]
[EventDate "2016.??.??"]

1. d4 f5 2. Nf3 Nf6 3. g3 d5 4. c4 c6 5. Bg2 Be6 6. cxd5 Bxd5 7. Nc3 e6 8. O-O
Be7 9. Nxd5 exd5 10. Qd3 Qc8 11. Ne5 O-O 12. Bd2 Ne4 13. Bf4 Nd7 14. Rac1 g5
15. Nxd7 Qxd7 16. Be5 Bf6 17. b4 a6 18. a4 Be7 19. Rb1 b5 20. a5 g4 21. f3 Ng5
22. Rb2 Qe6 23. Rc1 Rac8 24. Qd2 Nf7 25. Rbc2 Rfe8 26. Bf4 Bf6 27. h3 h5 28.
Kf2 Kf8 29. Qd3 Kg7 30. hxg4 hxg4 31. Rh1 Rh8 32. Rcc1 Bg5 33. Rxh8 Rxh8 34.
Bxg5 Nxg5 35. Qe3 Qxe3+ 36. Kxe3 Re8+ 37. Kd3 Re6 38. Rh1 Nf7 39. fxg4 fxg4 40.
Rh4 Nh6 41. e4 dxe4+ 42. Bxe4 Rf6 43. Rh5 Nf7 44. Rc5 Rd6 45. Ke3 Nd8 46. d5
cxd5 47. Rxd5 Rxd5 48. Bxd5 Kf6 49. Kf4 Ke7 50. Kxg4 Kd6 51. Bf3 Nf7 52. Kf5
Ne5 53. Bb7 Nd3 54. Bxa6 Kc6 55. g4 Nxb4 56. Bc8 Nd5 57. Ke5 b4 58. Be6 Ne7 59.
g5 Kb5 60. Kf6 Nc6 61. g6 Nd4 62. g7 Nxe6 63. Kxe6 b3 1-0

[Event "Lazy PERLA BALTYKU"]
[Site "LAZY"]
[Date "2016.06.28"]
[Round "1.26"]
[White "Zaleski, Lukasz"]
[Black "Garbowski, Jakub"]
[Result "1/2-1/2"]
[WhiteElo "2080"]
[BlackElo "2102"]
[PlyCount "134"]
[EventDate "2016.??.??"]

1. e4 e5 2. Nf3 Nc6 3. Bc4 Nf6 4. d3 Be7 5. O-O d6 6. c3 O-O 7. Bb3 Na5 8. Bc2
c5 9. h3 Qc7 10. Re1 h6 11. Nbd2 Re8 12. Nf1 Bf8 13. Ne3 Nc6 14. Nh4 Ne7 15.
Qf3 Be6 16. Bb3 Qd7 17. g4 Nh7 18. Nhf5 g6 19. Bc2 Qc7 20. Qg3 Kh8 21. Nxe7
Qxe7 22. Ba4 Red8 23. f4 exf4 24. Qxf4 Qh4 25. Ng2 Qxh3 26. Re3 Qxg4 27. Qxg4
Bxg4 28. Bb3 Kg7 29. Rg3 h5 30. Ne3 Nf6 31. Nxg4 Nxg4 32. Bd1 Nf6 33. Bg5 Be7
34. Be2 Rh8 35. Rf1 Ng8 36. Be3 Re8 37. d4 Nf6 38. Bc4 Bd8 39. Bg5 Rxe4 40.
Bxf6+ Bxf6 41. Rgf3 Bg5 42. Rxf7+ Kh6 43. Rxb7 Be3+ 44. Kg2 Rg4+ 45. Kh3 cxd4
46. cxd4 Rxd4 47. Bf7 Bf4 48. Rxa7 g5 49. Re1 g4+ 50. Kh4 Bg5+ 51. Kg3 h4+ 52.
Kg2 Rd2+ 53. Kh1 Bf4 54. Ra4 Kg5 55. Rf1 Be5 56. Be6 Rd4 57. Rf5+ Kg6 58. Rxd4
Bxd4 59. Rd5 Bxb2 60. Bxg4 Be5 61. Kg2 Kg5 62. Bd7 Rb8 63. Rb5 Rg8 64. Rb4 Kh5+
65. Kf2 Rg3 66. Rb3 Bd4+ 67. Ke2 Rxb3 1/2-1/2

[Event "Lazy PERLA BALTYKU"]
[Site "Lazy"]
[Date "2016.06.27"]
[Round "2.1"]
[White "Juhnke, Juergen"]
[Black "Stupak, Kirill"]
[Result "0-1"]
[WhiteElo "2219"]
[BlackElo "2555"]
[PlyCount "48"]
[EventDate "2016.??.??"]

1. e4 c6 2. d4 d5 3. Nc3 a6 4. Bd3 b5 5. a4 b4 6. Na2 e6 7. c3 a5 8. cxb4 axb4
9. Nf3 Ba6 10. b3 Nf6 11. Bg5 Bxd3 12. Bxf6 Qxf6 13. Qxd3 Qg6 14. Qe2 Qxe4 15.
Qxe4 dxe4 16. Ng5 Ra5 17. Nxe4 Rd5 18. O-O-O Be7 19. Nc5 Bxc5 20. dxc5 Na6 21.
Rxd5 cxd5 22. Rd1 Kd7 23. Rd4 Rb8 24. Kc2 Kc6 0-1